[Event "oibm_2008"]
[Site "Bad Wiessee"]
[Date "2008.11.04"]
[Round "4.25"]
[White "Baldauf, Marco"]
[Black "Czap, Bernhard"]
[Result "1-0"]
[WhiteElo "2325"]
[BlackElo "2157"]
[PlyCount "55"]
[EventDate "2008.??.??"]
[WhiteTeamCountry "ESP"]

1. e4 e6 2. d4 d5 3. Nd2 Nf6 4. e5 Nfd7 5. Bd3 c5 6. c3 Nc6 7. Ne2 Qb6 8. Nf3
cxd4 9. cxd4 f6 10. exf6 Nxf6 11. O-O Bd6 12. b3 O-O 13. Bf4 Bxf4 14. Nxf4 Ne4
15. Ne2 Bd7 16. Ng3 Rf4 17. Qc1 Raf8 18. Qe3 Nb4 19. Nxe4 Nxd3 20. Neg5 Nb4 21.
Ne5 Bb5 22. Qh3 h6 23. Nxe6 Bxf1 24. Rxf1 R8f6 25. Nxf4 Rxf4 26. a3 Na6 27. Rc1
Qxd4 28. Qe6+ 1-0

[Event "oibm_2008"]
[Site "Bad Wiessee"]
[Date "2008.11.04"]
[Round "4.29"]
[White "Kick, Joachim"]
[Black "Löw, Gerald"]
[Result "1-0"]
[WhiteElo "2190"]
[BlackElo "2307"]
[PlyCount "81"]
[EventDate "2008.??.??"]
[WhiteTeamCountry "ESP"]

1. Nf3 c5 2. c4 g6 3. d4 cxd4 4. Nxd4 Bg7 5. e4 Nc6 6. Be3 Nf6 7. Nc3 O-O 8.
Be2 d6 9. Qd2 Bd7 10. O-O Nxd4 11. Bxd4 Bc6 12. f3 a5 13. b3 Nd7 14. Be3 Nc5
15. Rfc1 Qb6 16. Rab1 Rfc8 17. Rc2 Qd8 18. Bf1 h5 19. a3 Kh7 20. b4 axb4 21.
axb4 Ne6 22. Nd5 Ra3 23. Kh1 Rca8 24. f4 Ra1 25. Rcc1 R8a2 26. Qd1 Rxb1 27.
Rxb1 Ba4 28. Qe1 Bc2 29. Rc1 Qa8 30. f5 Nf8 31. f6 Bxf6 32. Nxf6+ exf6 33. Qc3
Bxe4 34. Qxf6 Qe8 35. Bd4 Ne6 36. Bc3 Qf8 37. Re1 d5 38. cxd5 Bxd5 39. Re5 Nc7
40. Rxh5+ gxh5 41. Bd3+ 1-0

[Event "oibm_2008"]
[Site "Bad Wiessee"]
[Date "2008.11.04"]
[Round "4.30"]
[White "Astengo, Corrado"]
[Black "Hoffmann, Michael"]
[Result "1/2-1/2"]
[WhiteElo "2172"]
[BlackElo "2469"]
[PlyCount "81"]
[EventDate "2008.??.??"]
[WhiteTeamCountry "ESP"]

1. e4 c5 2. Nf3 d6 3. d4 cxd4 4. Nxd4 Nf6 5. Nc3 a6 6. Bg5 e6 7. f4 Qb6 8. Qd2
Nc6 9. O-O-O Qxd4 10. Qxd4 Nxd4 11. Rxd4 Rb8 12. Be2 Be7 13. Rhd1 h6 14. Bxf6
gxf6 15. f5 Rg8 16. g4 b5 17. Bf3 Kd7 18. a4 b4 19. Nb1 b3 20. Nd2 bxc2 21.
Kxc2 e5 22. Rd3 Rb4 23. b3 Bb7 24. Nc4 Rc8 25. Kd2 Ke8 26. Kc3 a5 27. Kd2 Rc5
28. Ke1 Kf8 29. Re3 Ba6 30. Nxd6 Rc2 31. Nb5 Rxh2 32. Nc7 Bb7 33. Nd5 Bc5 34.
Nxb4 Bxe3 35. Rd7 axb4 36. Rxb7 Rb2 37. Bd1 Bd4 38. Rc7 Kg7 39. Be2 Rxb3 40.
Rxf7+ Kxf7 41. Bc4+ 1/2-1/2

[Event "oibm_2008"]
[Site "Bad Wiessee"]
[Date "2008.11.04"]
[Round "4.31"]
[White "Lederle, Vitus"]
[Black "Pena Gomez, Manuel"]
[Result "0-1"]
[WhiteElo "2135"]
[BlackElo "2467"]
[PlyCount "66"]
[EventDate "2008.??.??"]
[WhiteTeamCountry "ESP"]

1. e4 c5 2. Nf3 d6 3. d4 cxd4 4. Nxd4 Nf6 5. Nc3 a6 6. Be3 e5 7. Nb3 Be7 8. f3
Nbd7 9. Qd2 O-O 10. g4 Nb6 11. g5 Nh5 12. O-O-O Be6 13. Kb1 Rc8 14. Rg1 g6 15.
h4 Qc7 16. Qf2 Nc4 17. Bxc4 Bxc4 18. Nd5 Bxd5 19. Rxd5 f5 20. Bb6 Qc6 21. Na5
Qd7 22. Qd2 Qe6 23. Rd3 fxe4 24. fxe4 Rf4 25. Be3 Rxe4 26. Nxb7 d5 27. Bf2 d4
28. Re1 Qd5 29. Rxe4 Qxe4 30. Na5 Rf8 31. a3 Nf4 32. Rb3 Ne2 33. Qe1 Rxf2 0-1

[Event "oibm_2008"]
[Site "Bad Wiessee"]
[Date "2008.11.04"]
[Round "4.32"]
[White "Pirrot, Dieter"]
[Black "Weichelt, Jens"]
[Result "1-0"]
[WhiteElo "2446"]
[BlackElo "2132"]
[PlyCount "57"]
[EventDate "2008.??.??"]
[WhiteTeamCountry "ESP"]

1. e4 Nf6 2. e5 Nd5 3. d4 d6 4. c4 Nb6 5. f4 dxe5 6. fxe5 Nc6 7. Be3 Bf5 8. Nc3
e6 9. Nf3 Bg4 10. Qd2 Be7 11. Be2 Bxf3 12. gxf3 Bh4+ 13. Kf1 Qd7 14. Rd1 O-O-O
15. Rg1 f5 16. f4 g5 17. d5 gxf4 18. Bxf4 Qf7 19. Qe3 Ne7 20. d6 Ng6 21. c5 Nd7
22. dxc7 Rdg8 23. c6 Nb6 24. Nb5 Be7 25. Nxa7+ Kxc7 26. Nb5+ Kb8 27. c7+ Kc8
28. Qxb6 Nxf4 29. Na7# 1-0

[Event "oibm_2008"]
[Site "Bad Wiessee"]
[Date "2008.11.04"]
[Round "4.33"]
[White "Bartels, Holger"]
[Black "Forchert, Martin"]
[Result "0-1"]
[WhiteElo "2133"]
[BlackElo "2385"]
[PlyCount "94"]
[EventDate "2008.??.??"]
[WhiteTeamCountry "ESP"]

1. e4 Nf6 2. e5 Nd5 3. g3 d6 4. exd6 Qxd6 5. d4 Bf5 6. Bg2 Nc6 7. Ne2 Ndb4 8.
Na3 e5 9. O-O exd4 10. Nb5 Qd7 11. Bf4 O-O-O 12. Bxc7 Bxc2 13. Qd2 Re8 14. Bxc6
bxc6 15. Ba5 Bd3 16. Bxb4 Bxe2 17. Bxf8 Rhxf8 18. Nxd4 Bxf1 19. Rxf1 Re4 20.
Nb3 Qxd2 21. Nxd2 Re2 22. Nc4 Rd8 23. Rc1 Kc7 24. Kg2 Rd5 25. Kf3 Re6 26. Rc2
Rc5 27. h4 a5 28. b3 f5 29. Kf4 Re4+ 30. Kf3 a4 31. Rd2 Rd5 32. Rc2 axb3 33.
axb3 Rd3+ 34. Kg2 Re6 35. Na5 Kb6 36. Nc4+ Kb5 37. Ne3 g6 38. h5 Rxb3 39. hxg6
hxg6 40. Rd2 Rb4 41. Nc2 c5 42. Nxb4 cxb4 43. Kf3 b3 44. Kf4 Kc4 45. f3 Rb6 46.
g4 fxg4 47. fxg4 b2 0-1

[Event "oibm_2008"]
[Site "Bad Wiessee"]
[Date "2008.11.04"]
[Round "4.34"]
[White "Santl, Anton"]
[Black "de Francesco, Klaus"]
[Result "0-1"]
[WhiteElo "2131"]
[BlackElo "2345"]
[PlyCount "66"]
[EventDate "2008.??.??"]
[WhiteTeamCountry "ESP"]

1. Nf3 Nf6 2. c4 e6 3. g3 a6 4. Bg2 b5 5. b3 Bb7 6. O-O Be7 7. Bb2 O-O 8. d3 c5
9. Nbd2 d6 10. e3 Nbd7 11. Re1 Rb8 12. e4 Qc7 13. Rc1 Rfd8 14. d4 bxc4 15. Rxc4
Nxe4 16. dxc5 Nxd2 17. Qxd2 dxc5 18. Qe3 Bd5 19. Rg4 f6 20. Qh6 Bf8 21. Ng5
fxg5 22. Qxg5 Nb6 23. Be5 Qf7 24. Bxb8 Rxb8 25. Qe5 Rd8 26. Bxd5 exd5 27. Rf4
Qd7 28. Qh5 d4 29. Rfe4 Nd5 30. Re6 Nf6 31. Qd1 a5 32. Qd3 Qd5 33. Ra6 Nd7 0-1

[Event "oibm_2008"]
[Site "Bad Wiessee"]
[Date "2008.11.04"]
[Round "4.35"]
[White "van den Bersselaar, Jeroen"]
[Black "Deglmann, Ludwig"]
[Result "1-0"]
[WhiteElo "2179"]
[BlackElo "2342"]
[PlyCount "71"]
[EventDate "2008.??.??"]
[WhiteTeamCountry "ESP"]

1. d4 Nf6 2. Nf3 g6 3. c4 c5 4. d5 Bg7 5. Nc3 d6 6. e4 O-O 7. h3 e6 8. Bd3 exd5
9. cxd5 Nh5 10. O-O Nd7 11. Bg5 Bf6 12. Bh6 Re8 13. Qd2 a6 14. a4 Ne5 15. Be2
Nxf3+ 16. Bxf3 Ng7 17. Bf4 Rb8 18. Rab1 Be5 19. Bxe5 Rxe5 20. b4 c4 21. b5 axb5
22. Rxb5 f5 23. Qd4 fxe4 24. Nxe4 Nf5 25. Qxc4 Nh4 26. Bg4 Bf5 27. Bxf5 gxf5
28. Ng3 Qg5 29. Rb4 Re4 30. Qc7 Rbe8 31. Rxe4 Rxe4 32. Rb1 Re7 33. Qc8+ Kg7 34.
Rxb7 Rxb7 35. Qxb7+ Kh6 36. Qc8 1-0

[Event "oibm_2008"]
[Site "Bad Wiessee"]
[Date "2008.11.04"]
[Round "4.37"]
[White "Schrems, Hermann"]
[Black "Reefschläger, Helmut"]
[Result "1/2-1/2"]
[WhiteElo "2126"]
[BlackElo "2321"]
[PlyCount "42"]
[EventDate "2008.??.??"]
[WhiteTeamCountry "ESP"]

1. d4 d5 2. Nf3 Nf6 3. e3 g6 4. c4 c6 5. Nc3 Bg7 6. cxd5 cxd5 7. Be2 O-O 8. O-O
Nc6 9. Bd2 Ne4 10. Be1 Nxc3 11. Bxc3 Qb6 12. Qd2 Bg4 13. b4 a6 14. Rfb1 Bxf3
15. gxf3 e5 16. dxe5 Nxe5 17. Bd4 Qe6 18. Rc1 Rac8 19. Rxc8 Rxc8 20. Rd1 Nc4
21. Qc3 Bf8 1/2-1/2

[Event "oibm_2008"]
[Site "Bad Wiessee"]
[Date "2008.11.04"]
[Round "4.39"]
[White "Salvermoser, Bernd"]
[Black "Baeuml, Ulrich"]
[Result "1-0"]
[WhiteElo "2304"]
[BlackElo "2117"]
[PlyCount "71"]
[EventDate "2008.??.??"]
[WhiteTeamCountry "ESP"]

1. d4 Nf6 2. c4 e6 3. Nc3 d5 4. cxd5 exd5 5. Bg5 Be7 6. e3 c6 7. Qc2 Bg4 8. Nf3
Nbd7 9. Bd3 O-O 10. O-O Bxf3 11. gxf3 h6 12. Bf4 Nh5 13. Bg3 Nxg3 14. hxg3 Nf6
15. Ne2 Rc8 16. Bf5 Rc7 17. Rad1 Re8 18. Kg2 Bf8 19. Rh1 c5 20. dxc5 Bxc5 21.
Qd2 Qe7 22. Bb1 Rd7 23. Rh4 Qe5 24. Nf4 d4 25. e4 Bb6 26. Nd3 Qb5 27. Rdh1 Kf8
28. a3 a5 29. Ba2 Rc8 30. Rf4 Qg5 31. Qd1 g6 32. e5 Nd5 33. Bxd5 Rxd5 34. Qb3
Qd8 35. Rxh6 Kg7 36. Rfh4 1-0

[Event "oibm_2008"]
[Site "Bad Wiessee"]
[Date "2008.11.04"]
[Round "4.40"]
[White "Lopatin, Olga"]
[Black "Stabolewski, Andreas"]
[Result "1/2-1/2"]
[WhiteElo "2125"]
[BlackElo "2277"]
[PlyCount "22"]
[EventDate "2008.??.??"]
[WhiteTeamCountry "ESP"]

1. c4 Nf6 2. b4 e6 3. a3 a5 4. b5 d5 5. e3 Nbd7 6. Nf3 Bd6 7. Bb2 O-O 8. Nc3
dxc4 9. Bxc4 b6 10. h4 Bb7 11. h5 h6 1/2-1/2

[Event "oibm_2008"]
[Site "Bad Wiessee"]
[Date "2008.11.05"]
[Round "5.9"]
[White "Khmelniker, Ilya"]
[Black "Prusikin, Michael"]
[Result "1-0"]
[WhiteElo "2443"]
[BlackElo "2538"]
[PlyCount "81"]
[EventDate "2008.??.??"]
[WhiteTeamCountry "ESP"]

1. d4 Nf6 2. c4 e6 3. Nf3 d5 4. Nc3 c5 5. cxd5 Nxd5 6. e4 Nxc3 7. bxc3 cxd4 8.
cxd4 Bb4+ 9. Bd2 Bxd2+ 10. Qxd2 O-O 11. Bc4 Nd7 12. O-O b6 13. Rfe1 Bb7 14.
Rad1 Rc8 15. Bd3 Re8 16. Qf4 Qf6 17. Qg4 Qg6 18. Qh3 Nf6 19. e5 Qh5 20. Qg3 Nd7
21. Ng5 Nf8 22. Be4 Bd5 23. f3 Rc3 24. Rc1 Rxc1 25. Rxc1 h6 26. Bxd5 hxg5 27.
Be4 Rd8 28. Qf2 Ng6 29. g3 Qh3 30. Qe3 g4 31. Qg5 Rxd4 32. Bxg6 fxg6 33. Qxg6
Rd8 34. Qxe6+ Kh7 35. fxg4 Rf8 36. Qe7 Rf3 37. Qg5 Rxg3+ 38. hxg3 Qxg3+ 39. Kf1
Qf3+ 40. Ke1 Qe4+ 41. Kf2 1-0

[Event "oibm_2008"]
[Site "Bad Wiessee"]
[Date "2008.11.05"]
[Round "5.12"]
[White "Hossain, Enamul"]
[Black "Kick, Joachim"]
[Result "1-0"]
[WhiteElo "2494"]
[BlackElo "2190"]
[PlyCount "65"]
[EventDate "2008.??.??"]
[WhiteTeamCountry "ESP"]

1. e4 c5 2. Nf3 e6 3. d4 cxd4 4. Nxd4 Nf6 5. Nc3 d6 6. Be2 a6 7. O-O Qc7 8. f4
Be7 9. Be3 O-O 10. g4 d5 11. e5 Ne4 12. Bd3 Nxc3 13. bxc3 Qxc3 14. Rb1 Nd7 15.
Rf3 Nc5 16. Bxh7+ Kxh7 17. Rh3+ Kg8 18. g5 g6 19. Qg4 Kg7 20. Qh4 Qxe3+ 21.
Rxe3 Rh8 22. Qg4 Bd7 23. Rc3 b5 24. Kg2 Rab8 25. a3 Rbc8 26. Rh3 Ne4 27. Rxh8
Rxh8 28. Rb3 Bc5 29. Rd3 a5 30. c3 Kf8 31. Rh3 Rg8 32. Qe2 Nxc3 33. Nxe6+ 1-0

[Event "oibm_2008"]
[Site "Bad Wiessee"]
[Date "2008.11.05"]
[Round "5.13"]
[White "Lupor, Andre"]
[Black "Henrichs, Thomas"]
[Result "0-1"]
[WhiteElo "2321"]
[BlackElo "2485"]
[PlyCount "50"]
[EventDate "2008.??.??"]
[WhiteTeamCountry "ESP"]

1. Nf3 g6 2. c4 Bg7 3. e4 e5 4. d4 exd4 5. Nxd4 Nf6 6. Nc3 O-O 7. Be2 Re8 8. f3
c6 9. Nb3 a5 10. a4 Na6 11. Be3 d5 12. cxd5 Nxd5 13. Nxd5 cxd5 14. O-O Nb4 15.
Rb1 Bd7 16. Nc5 Bc6 17. Bf2 Qg5 18. b3 Na2 19. Qc2 Nc3 20. Rbe1 dxe4 21. h4 Qf4
22. Nxe4 Bxe4 23. fxe4 Nxe4 24. Bb6 Qxh4 25. Bc4 Nd6 0-1

[Event "oibm_2008"]
[Site "Bad Wiessee"]
[Date "2008.11.05"]
[Round "5.16"]
[White "Llaneza Vega, Marcos"]
[Black "Böhle, Lars"]
[Result "1-0"]
[WhiteElo "2485"]
[BlackElo "2245"]
[PlyCount "55"]
[EventDate "2008.??.??"]
[WhiteTeamCountry "ESP"]

1. e4 e6 2. Nf3 d5 3. Nc3 Nf6 4. e5 Nfd7 5. d4 c5 6. dxc5 Nc6 7. Bf4 Bxc5 8.
Bd3 f6 9. exf6 Nxf6 10. Qe2 O-O 11. O-O-O Bd7 12. Rhe1 Qe7 13. Kb1 a6 14. Ne5
Nd4 15. Qf1 Rfc8 16. Bg5 Qd6 17. g4 Be8 18. Qh3 Rc7 19. Bc1 Bb4 20. g5 Rxc3 21.
bxc3 Bxc3 22. Bxh7+ Nxh7 23. Qxc3 Nb5 24. Qb3 Rc8 25. Bb2 Nf8 26. f4 Nd7 27.
Nxd7 Qxd7 28. f5 1-0

[Event "oibm_2008"]
[Site "Bad Wiessee"]
[Date "2008.11.05"]
[Round "5.17"]
[White "Heimrath, Reiner"]
[Black "Mainka, Romuald"]
[Result "0-1"]
[WhiteElo "2221"]
[BlackElo "2482"]
[PlyCount "73"]
[EventDate "2008.??.??"]
[WhiteTeamCountry "ESP"]

1. d4 Nf6 2. Nf3 e6 3. e3 b6 4. Nbd2 Bb7 5. Bd3 c5 6. O-O Nc6 7. a3 Qc7 8. b3
Be7 9. Bb2 O-O 10. Ng5 cxd4 11. exd4 Qf4 12. Nh3 Qh6 13. Nc4 d6 14. Ne3 d5 15.
Qf3 Bd6 16. Rfe1 Qh4 17. Rad1 Rad8 18. Bf1 Ne4 19. Qe2 Ng5 20. Ng4 Nxh3+ 21.
gxh3 Qe7 22. b4 Qc7 23. Bg2 Ne7 24. c3 Ng6 25. Qe3 Rde8 26. Bf1 f6 27. Bd3 Nf4
28. Bb1 h5 29. Ne5 fxe5 30. dxe5 Be7 31. Rd4 Bg5 32. Qg3 Qf7 33. Kh1 Bh6 34. f3
Ba6 35. Qh4 Ne2 36. f4 Nxd4 37. cxd4 0-1

[Event "oibm_2008"]
[Site "Bad Wiessee"]
[Date "2008.11.05"]
[Round "5.18"]
[White "Pena Gomez, Manuel"]
[Black "Kastek, Thomas"]
[Result "1-0"]
[WhiteElo "2467"]
[BlackElo "2184"]
[PlyCount "81"]
[EventDate "2008.??.??"]
[WhiteTeamCountry "ESP"]

1. c4 e6 2. Nf3 Nf6 3. g3 d5 4. Bg2 Be7 5. O-O O-O 6. Qc2 c6 7. d3 b6 8. e4 Bb7
9. e5 Nfd7 10. Re1 Re8 11. Nc3 Nf8 12. d4 Na6 13. a3 Nc7 14. b3 Rc8 15. Bb2 Qd7
16. Rad1 Red8 17. Qe2 Qe8 18. h4 Ba6 19. Nb1 Bb7 20. Nbd2 Ba6 21. Qe3 Bb7 22.
Qf4 Na6 23. g4 c5 24. h5 cxd4 25. Nxd4 Nc5 26. Qg3 dxc4 27. Nxc4 Bxg2 28. Kxg2
Rd5 29. Nd6 Bxd6 30. exd6 Qd7 31. Nf5 exf5 32. gxf5 f6 33. Rxd5 Qc6 34. Qf3
Nfd7 35. Re7 Rf8 36. Rd1 Qxf3+ 37. Kxf3 Rf7 38. b4 Nb7 39. Rxf7 Kxf7 40. Ke4
Nd8 41. Kd5 1-0

[Event "oibm_2008"]
[Site "Bad Wiessee"]
[Date "2008.11.05"]
[Round "5.19"]
[White "Morawietz, Dieter"]
[Black "Gerstner, Bernhard"]
[Result "1/2-1/2"]
[WhiteElo "2449"]
[BlackElo "2183"]
[PlyCount "81"]
[EventDate "2008.??.??"]
[WhiteTeamCountry "ESP"]

1. e4 e5 2. Nf3 Nc6 3. Bb5 a6 4. Ba4 Nf6 5. O-O Be7 6. Re1 b5 7. Bb3 d6 8. c3
O-O 9. d4 Bg4 10. Be3 exd4 11. cxd4 d5 12. e5 Ne4 13. Nc3 Nxc3 14. bxc3 Qd7 15.
h3 Bh5 16. Bc2 Nd8 17. Qb1 Bg6 18. Nh2 Ne6 19. f4 Bxc2 20. Qxc2 f5 21. exf6
Bxf6 22. Ng4 Rae8 23. f5 Nd8 24. Bf4 Be7 25. Re5 Nf7 26. Re6 Bd6 27. Bxd6 Nxd6
28. Ne5 Qc8 29. Rxe8 Qxe8 30. Rf1 c5 31. dxc5 Qxe5 32. cxd6 Qxd6 33. Qd3 Qe5
34. a4 bxa4 35. Qxa6 h6 36. Qxa4 Qxc3 37. Qd7 Qe3+ 38. Kh1 Qd3 39. Rf3 Qe4 40.
Kg1 Qe1+ 41. Rf1 1/2-1/2

[Event "oibm_2008"]
[Site "Bad Wiessee"]
[Date "2008.11.05"]
[Round "5.20"]
[White "Kaeding, Rainer"]
[Black "Pirrot, Dieter"]
[Result "0-1"]
[WhiteElo "2184"]
[BlackElo "2446"]
[PlyCount "78"]
[EventDate "2008.??.??"]
[WhiteTeamCountry "ESP"]

1. Nf3 d6 2. d3 e5 3. e4 Nc6 4. Be2 Be7 5. O-O f5 6. exf5 Bxf5 7. Re1 Nf6 8. c3
Qd7 9. b4 O-O 10. Nbd2 Kh8 11. Qc2 a6 12. Bf1 d5 13. Nxe5 Nxe5 14. Rxe5 Ng4 15.
Re2 Qd6 16. g3 Ne5 17. Re3 Rae8 18. Bg2 Ng4 19. Re2 Qg6 20. Ne4 dxe4 21. dxe4
Be6 22. Bf4 Bc4 23. Rd2 Qb6 24. h3 g5 25. Bxc7 Qxc7 26. hxg4 Bf6 27. Rad1 Be5
28. Rd7 Qb6 29. R1d2 Rf6 30. a4 Ref8 31. a5 Qc6 32. f4 gxf4 33. g5 R6f7 34.
Rxf7 Rxf7 35. Rd8+ Kg7 36. gxf4 Bxf4 37. Qd1 Be5 38. Qh5 Qg6 39. Qg4 Be6 0-1

[Event "oibm_2008"]
[Site "Bad Wiessee"]
[Date "2008.11.05"]
[Round "5.22"]
[White "Skembris, Spyridon"]
[Black "Pohle, Dirk"]
[Result "1-0"]
[WhiteElo "2422"]
[BlackElo "2173"]
[PlyCount "93"]
[EventDate "2008.??.??"]
[WhiteTeamCountry "ESP"]

1. c4 e6 2. d4 Nf6 3. Nf3 b6 4. g3 Ba6 5. Qa4 c5 6. Bg2 Bb7 7. dxc5 Bxc5 8. Nc3
Be7 9. O-O Qc8 10. Bg5 h6 11. Bxf6 Bxf6 12. Nb5 Be7 13. Rfd1 O-O 14. Nd6 Bxd6
15. Rxd6 Qc5 16. Rad1 Bc6 17. Qb3 Bd5 18. R6xd5 exd5 19. Rxd5 Qc7 20. Nd4 Nc6
21. Nb5 Qc8 22. Qd1 a6 23. Nd6 Qc7 24. Nf5 Rad8 25. e3 Ne5 26. Qd4 f6 27. b3
Rfe8 28. Qd1 g6 29. Nxh6+ Kg7 30. Ng4 d6 31. h4 Nxg4 32. Qxg4 Qd7 33. Qd4 Qc7
34. h5 Re5 35. hxg6 Rxd5 36. Bxd5 Kxg6 37. Qg4+ Kh6 38. Kg2 Kh7 39. Be4+ Kh8
40. Qh4+ Kg8 41. Qxf6 Rd7 42. Bd5+ Kh7 43. Qf8 Re7 44. g4 Qd7 45. Qg8+ Kh6 46.
Kg3 Re5 47. Bf7 1-0

[Event "oibm_2008"]
[Site "Bad Wiessee"]
[Date "2008.11.05"]
[Round "5.26"]
[White "Sondermann, Johannes"]
[Black "Kummerow, Heiko"]
[Result "0-1"]
[WhiteElo "2148"]
[BlackElo "2357"]
[PlyCount "39"]
[EventDate "2008.??.??"]
[WhiteTeamCountry "ESP"]

1. d4 Nf6 2. c4 g6 3. Nc3 Bg7 4. e4 d6 5. f4 O-O 6. Nf3 c5 7. d5 e6 8. Be2 exd5
9. cxd5 Re8 10. e5 dxe5 11. fxe5 Ng4 12. Bg5 Qb6 13. d6 c4 14. Nd5 Qf2+ 15. Kd2
Nxe5 16. Nxe5 Rxe5 17. Ne7+ Kh8 18. h4 Bg4 19. Re1 Rxg5 20. Kc1 0-1

[Event "oibm_2008"]
[Site "Bad Wiessee"]
[Date "2008.11.05"]
[Round "5.27"]
[White "Köpke, Christian"]
[Black "van den Bersselaar, Jeroen"]
[Result "1-0"]
[WhiteElo "2356"]
[BlackElo "2179"]
[PlyCount "81"]
[EventDate "2008.??.??"]
[WhiteTeamCountry "ESP"]

1. e4 c6 2. d4 d5 3. e5 c5 4. Ne2 Nc6 5. c3 Bg4 6. Be3 Nh6 7. Qb3 Nf5 8. Ng3
Nxe3 9. fxe3 Rb8 10. h3 Be6 11. Qc2 g6 12. Qf2 Bh6 13. Nd2 b5 14. Nb3 c4 15.
Nc5 b4 16. Qd2 Qa5 17. Nxe6 fxe6 18. Be2 bxc3 19. bxc3 Qa3 20. O-O Qb2 21. Qxb2
Bxe3+ 22. Kh1 Rxb2 23. Rfb1 Rxb1+ 24. Rxb1 Bd2 25. Bg4 Kd7 26. Rb7+ Kc8 27. Rb1
Bxc3 28. Ne2 Bxd4 29. Bxe6+ Kc7 30. Bxd5 Bxe5 31. Bxc4 Rd8 32. Rc1 Kb6 33. Ng1
Rd2 34. Nf3 Rb2 35. Bd5 Bf4 36. Rxc6+ Kb5 37. Re6 Bg3 38. Ng1 Rb1 39. Re3 Kc5
40. Rxg3 Kxd5 41. Ra3 1-0

[Event "oibm_2008"]
[Site "Bad Wiessee"]
[Date "2008.11.05"]
[Round "5.28"]
[White "Jussupow, Ekaterina"]
[Black "König, Dietrich"]
[Result "1/2-1/2"]
[WhiteElo "2140"]
[BlackElo "2353"]
[PlyCount "94"]
[EventDate "2008.??.??"]
[WhiteTeamCountry "ESP"]

1. d4 d6 2. e4 g6 3. Nc3 Bg7 4. f4 Nf6 5. Nf3 O-O 6. Be2 c5 7. dxc5 Qa5 8. Qd3
Nxe4 9. Qxe4 Bxc3+ 10. bxc3 Qxc3+ 11. Kf2 Qxa1 12. cxd6 Nc6 13. Rd1 Bf5 14. Qc4
Rac8 15. Ba3 Qf6 16. Qb3 Be4 17. dxe7 Rfe8 18. Bb2 Qxf4 19. Qc3 f6 20. Qxf6
Qxf6 21. Bxf6 Nxe7 22. Rd7 Nd5 23. Bd4 Re7 24. Rd6 Nf4 25. Bb5 Rxc2+ 26. Kg3
Nh5+ 27. Kh3 Bxf3 28. gxf3 Nf4+ 29. Kg4 Ne6 30. Bf6 h5+ 31. Kg3 Kf7 32. Bxe7
Kxe7 33. Rd7+ Kf6 34. a4 g5 35. h4 gxh4+ 36. Kxh4 a6 37. Bf1 Rf2 38. Bh3 Nf4
39. Rxb7 Nxh3 40. Rb6+ Kf7 41. Kxh3 Rxf3+ 42. Kh4 Rf4+ 43. Kxh5 Rxa4 44. Kg5
Ke7 45. Kf5 Kd7 46. Ke5 Kc7 47. Rh6 Kb7 1/2-1/2

[Event "oibm_2008"]
[Site "Bad Wiessee"]
[Date "2008.11.05"]
[Round "5.29"]
[White "de Francesco, Klaus"]
[Black "Brychcy, Felix"]
[Result "1/2-1/2"]
[WhiteElo "2345"]
[BlackElo "2101"]
[PlyCount "75"]
[EventDate "2008.??.??"]
[WhiteTeamCountry "ESP"]

1. d4 Nf6 2. c4 g6 3. Nc3 Bg7 4. e4 d6 5. Be2 O-O 6. f4 c5 7. Nf3 cxd4 8. Nxd4
Nc6 9. Be3 Bd7 10. O-O b6 11. Rc1 Rc8 12. b3 Nxd4 13. Bxd4 Bc6 14. Bf3 Nd7 15.
Bxg7 Kxg7 16. Qd4+ Kg8 17. Bg4 Qc7 18. Rcd1 Rcd8 19. Bxd7 Rxd7 20. f5 Bb7 21.
f6 Rfd8 22. Rfe1 Qc5 23. Qxc5 dxc5 24. fxe7 Rxd1 25. Rxd1 Rxd1+ 26. Nxd1 Bc6
27. Ne3 f6 28. Nd5 Kf7 29. g4 Bxd5 30. exd5 Kxe7 31. Kf2 Kd6 32. Kf3 b5 33. Kf4
b4 34. h4 Kd7 35. g5 f5 36. Ke5 Ke7 37. h5 Kd7 38. hxg6 1/2-1/2

[Event "oibm_2008"]
[Site "Bad Wiessee"]
[Date "2008.11.05"]
[Round "5.30"]
[White "Grohde, Wolfgang"]
[Black "Arnaudov, Petar G"]
[Result "0-1"]
[WhiteElo "2138"]
[BlackElo "2344"]
[PlyCount "72"]
[EventDate "2008.??.??"]
[WhiteTeamCountry "ESP"]

1. d4 Nf6 2. c4 c6 3. Bf4 g6 4. Nc3 Bg7 5. e4 d6 6. Nf3 O-O 7. Be2 Nbd7 8. h3
e5 9. dxe5 dxe5 10. Be3 Qe7 11. Qa4 Nh5 12. g3 f5 13. exf5 gxf5 14. Nh4 f4 15.
Bxh5 fxe3 16. f3 Nc5 17. Qc2 Qg5 18. Bg4 h5 19. Ne4 Nxe4 20. Qxe4 hxg4 21. hxg4
Be6 22. Ng6 Rxf3 23. Qxf3 Qxg6 24. Qxe3 Bxg4 25. O-O e4 26. Rae1 Bf3 27. Rxf3
exf3 28. Qxf3 Bd4+ 29. Kg2 Rf8 30. Qe4 Rf2+ 31. Kh3 Qh5+ 32. Qh4 Qxh4+ 33. Kxh4
Rxb2 34. Re8+ Kf7 35. Rb8 Be5 36. Rc8 Rxa2 0-1

[Event "oibm_2008"]
[Site "Bad Wiessee"]
[Date "2008.11.05"]
[Round "5.31"]
[White "Cordts, Ingo"]
[Black "Mons, Leon"]
[Result "1/2-1/2"]
[WhiteElo "2323"]
[BlackElo "2082"]
[PlyCount "80"]
[EventDate "2008.??.??"]
[WhiteTeamCountry "ESP"]

1. e4 d6 2. Nc3 Nf6 3. d4 g6 4. Be3 c6 5. Qd2 b5 6. e5 b4 7. exf6 bxc3 8. bxc3
exf6 9. h4 h5 10. Bd3 Bg7 11. Ne2 Na6 12. Nf4 f5 13. Qe2 O-O 14. Kf1 Nc7 15.
Rh3 Nd5 16. Nxh5 f4 17. Nxf4 Bxh3 18. Nxh3 Nxe3+ 19. Qxe3 Qxh4 20. Re1 d5 21.
Qe7 Qxe7 22. Rxe7 Bf6 23. Rc7 Rfc8 24. Rd7 Rd8 25. Rc7 Rdc8 26. Rd7 a5 27. a4
Bd8 28. Rb7 Rab8 29. Ra7 Bb6 30. Re7 Re8 31. Re3 Bc7 32. Ke2 f5 33. c4 Kg7 34.
cxd5 cxd5 35. Bb5 Rxe3+ 36. fxe3 Kf6 37. Kd3 g5 38. c4 g4 39. Nf2 dxc4+ 40.
Kxc4 Rg8 1/2-1/2

[Event "oibm_2008"]
[Site "Bad Wiessee"]
[Date "2008.11.05"]
[Round "5.32"]
[White "Lupor, Stefan"]
[Black "Mayr, Florian"]
[Result "0-1"]
[WhiteElo "2311"]
[BlackElo "2069"]
[PlyCount "36"]
[EventDate "2008.??.??"]
[WhiteTeamCountry "ESP"]

1. e4 c5 2. Nf3 e6 3. d4 cxd4 4. Nxd4 a6 5. Bd3 Qc7 6. O-O Nc6 7. Nxc6 Qxc6 8.
c4 b6 9. Nc3 Bb7 10. Qe2 Be7 11. f4 Bc5+ 12. Kh1 Ne7 13. Bd2 f6 14. Rac1 O-O
15. Rcd1 Bd4 16. Rf3 f5 17. exf5 exf5 18. Qxe7 Qxf3 0-1

[Event "oibm_2008"]
[Site "Bad Wiessee"]
[Date "2008.11.05"]
[Round "5.33"]
[White "Bigalke, Tobias"]
[Black "Wagner, Florian"]
[Result "1/2-1/2"]
[WhiteElo "2101"]
[BlackElo "2311"]
[PlyCount "43"]
[EventDate "2008.??.??"]
[WhiteTeamCountry "ESP"]

1. e4 c5 2. Nf3 Nc6 3. d4 cxd4 4. Nxd4 Nf6 5. Nc3 e5 6. Ndb5 d6 7. Bg5 a6 8.
Na3 b5 9. Nd5 Qa5+ 10. Bd2 Qd8 11. Bg5 Be7 12. Bxf6 Bxf6 13. c3 Bg5 14. Nc2 O-O
15. a4 bxa4 16. Rxa4 a5 17. Be2 Rb8 18. b4 axb4 19. Ncxb4 Bb7 20. O-O g6 21. g3
Kh8 22. Ba6 1/2-1/2

[Event "oibm_2008"]
[Site "Bad Wiessee"]
[Date "2008.11.05"]
[Round "5.35"]
[White "Lutz, Albert"]
[Black "Korsus, Bernd"]
[Result "0-1"]
[WhiteElo "2045"]
[BlackElo "2272"]
[PlyCount "76"]
[EventDate "2008.??.??"]
[WhiteTeamCountry "ESP"]

1. Nf3 Nf6 2. d4 c5 3. c4 e6 4. Nc3 cxd4 5. Nxd4 a6 6. e3 Qc7 7. Be2 Be7 8. O-O
O-O 9. Qc2 b6 10. b3 Bb7 11. Bb2 d6 12. Rac1 Nbd7 13. f4 Rac8 14. Bf3 Rfe8 15.
Kh1 Qb8 16. Bxb7 Qxb7 17. e4 Bf8 18. Rce1 b5 19. cxb5 axb5 20. Qe2 b4 21. Na4
d5 22. e5 Ne4 23. Rf3 g6 24. g4 Ndc5 25. Nxc5 Bxc5 26. Ref1 Nc3 27. Qd2 Qb6 28.
Ne2 Ne4 29. Qe1 Be3 30. Qh4 Nd2 31. Rh3 Nxf1 32. Qxh7+ Kf8 33. Qh8+ Ke7 34.
Qf6+ Kd7 35. Rh7 Re7 36. f5 d4 37. Kg2 Rc2 38. Bxd4 Qc6+ 0-1

[Event "oibm_2008"]
[Site "Bad Wiessee"]
[Date "2008.11.05"]
[Round "5.36"]
[White "Grant, Jonathan"]
[Black "Zier, Oliver"]
[Result "1-0"]
[WhiteElo "2246"]
[BlackElo "2044"]
[PlyCount "95"]
[EventDate "2008.??.??"]
[WhiteTeamCountry "ESP"]

1. c4 e6 2. Nc3 d5 3. d4 Be7 4. Nf3 Nf6 5. Bg5 h6 6. Bh4 O-O 7. e3 b6 8. Rc1
Bb7 9. Bd3 dxc4 10. Bxc4 Nbd7 11. O-O c5 12. Qe2 a6 13. a4 cxd4 14. exd4 Nd5
15. Bxd5 Bxd5 16. Nxd5 Bxh4 17. Nc7 Rc8 18. Nxa6 Be7 19. Qb5 Nf6 20. Nb4 Bxb4
21. Qxb4 Nd5 22. Qd2 Qd7 23. b3 b5 24. Ne5 Qb7 25. a5 b4 26. Rxc8 Rxc8 27. Nc4
Rd8 28. Re1 Nc3 29. Ne5 Qd5 30. a6 Qb5 31. Qd3 Qb6 32. Qf3 f6 33. Qc6 Nd5 34.
Qxb6 Nxb6 35. Nc6 Rd6 36. Rc1 Kf8 37. Kf1 Ke8 38. Nxb4 Rxd4 39. Nc6 Rd2 40. Na5
Ra2 41. b4 Kd7 42. Nb7 Rb2 43. Nc5+ Ke7 44. Nd3 Ra2 45. b5 Rd2 46. Rc7+ Kd8 47.
Rb7 Nd7 48. a7 1-0